书目信息 |
| 题名: |
新英汉病毒词典
|
|
| 作者: | 田波 主编 | |
| 分册: | ||
| 出版信息: | 北京 科学出版社 1997.07 |
|
| 页数: | 192页 | |
| 开本: | 32开 | |
| 丛书名: | ||
| 单 册: | ||
| 中图分类: | Q939.4-61 | |
| 科图分类: | ||
| 主题词: | 微生物学:分类学 | |
| 电子资源: | ||
| ISBN: | 7-03-005755-4 | |
| 000 | 00554nam0 2200193 45 | |
| 001 | 0009051632 | |
| 005 | 20000905165512.9 | |
| 010 | @a7-03-005755-4@d30.00元 | |
| 100 | @a20000905d1997 km y0chiy0120 ea | |
| 101 | 0 | @achi |
| 105 | @a z 000yy | |
| 200 | 1 | @a新英汉病毒词典@AXin Ying Han Bing Du Ci Dian@f田波主编@FTian Bo Zhu Bian |
| 210 | @a北京@c科学出版社@d1997.07 | |
| 215 | @a192页@d32开 | |
| 606 | 0 | @a微生物学:分类学 |
| 690 | @aQ939.4-61@v3 | |
| 701 | 0 | @a田波@4主编 |
| 801 | @aCN@bPftUser@c20000905 | |
| 905 | @b121063-064@dQ939.4-61@eT.313@f2 | |
| 新英汉病毒词典/田波主编.-北京:科学出版社,1997.07 |
| 192页;32开 |
| ISBN 7-03-005755-4:30.00元 |
| ● |
| 相关链接 |
|
|
|
正题名:新英汉病毒词典
索取号:Q939.4-61/T.313
 
预约/预借
| 序号 | 登录号 | 条形码 | 馆藏地/架位号 | 状态 | 备注 |
| 1 | 121063 | 201210634 | 自科二线504/504自科库 37排2列2层/ [索取号:Q939.4-61/T.313] | 在馆 | |
| 2 | 121064 | 201210643 | 自科二线504/504自科库 37排2列2层/ [索取号:Q939.4-61/T.313] | 在馆 |